Statistics for US Presidents by Birth Date

Click here to take the quiz!

General Stats

  • This quiz has been taken 28 times
  • The average score is 33 of 44

Answer Stats

Date President % Correct
February 22, 1732George Washington
100%
June 14, 1946Donald Trump
95%
July 6, 1946George W. Bush
95%
August 4, 1961Barack Obama
95%
October 30, 1735John Adams
91%
August 19, 1946Bill Clinton
91%
April 13, 1743Thomas Jefferson
91%
June 12, 1924George H.W. Bush
91%
April 28, 1758James Monroe
86%
May 29, 1917John F. Kennedy
86%
July 14, 1913Gerald Ford
86%
January 9, 1913Richard Nixon
86%
March 16, 1751James Madison
82%
October 1, 1924Jimmy Carter
82%
February 6, 1911Ronald Reagan
82%
August 27, 1908Lyndon B. Johnson
77%
October 14, 1890Dwight D. Eisenhower
77%
August 10, 1874Herbert Hoover
77%
December 28, 1856Woodrow Wilson
77%
February 12, 1809Abraham Lincoln
77%
May 8, 1884Harry S. Truman
73%
January 30, 1882Franklin D. Roosevelt
73%
July 11, 1767John Quincy Adams
73%
March 15, 1767Andrew Jackson
73%
September 15, 1857William Taft
73%
October 27, 1858Theodore Roosevelt
73%
November 24, 1784Zachary Taylor
68%
December 29, 1808Andrew Johnson
68%
March 18, 1837Grover Cleveland
68%
July 4, 1872Calvin Coolidge
68%
November 2, 1865Warren G. Harding
68%
April 27, 1822Ulysses S. Grant
64%
November 23, 1804Franklin Pierce
64%
November 2, 1795James K. Polk
64%
March 29, 1790John Tyler
64%
December 5, 1782Martin Van Buren
64%
February 9, 1773William Henry Harrison
64%
August 20, 1833Benjamin Harrison
64%
November 19, 1831James A. Garfield
59%
January 29, 1843William McKinley
59%
January 7, 1800Millard Fillmore
59%
April 23, 1791James Buchanan
59%
October 5, 1829Chester A. Arthur
59%
October 4, 1822Rutherford B. Hayes
55%

Score Distribution

Percentile by Number Answered

Percent of People with Each Score

Your Score History

You have not taken this quiz